Verilog digital system design: RT level synthesis, testbench and verification (Record no. 9539)
[ view plain ]
| 000 -LEADER | |
|---|---|
| fixed length control field | 00903 a2200205 4500 |
| 020 ## - INTERNATIONAL STANDARD BOOK NUMBER | |
| International Standard Book Number | 0071445641 |
| 040 ## - CATALOGING SOURCE | |
| Original cataloging agency | DLC |
| Language of cataloging | DLC |
| 082 00 - DEWEY DECIMAL CLASSIFICATION NUMBER | |
| Classification number | 621.392 |
| 100 1# - MAIN ENTRY--PERSONAL NAME | |
| Personal name | Navabi, Zainalabedin. |
| 245 10 - TITLE STATEMENT | |
| Title | Verilog digital system design: RT level synthesis, testbench and verification |
| Remainder of title | RT level synthesis, testbench and verification |
| Statement of responsibility, etc. | Zainalabedin Navabi. |
| 250 ## - EDITION STATEMENT | |
| Edition statement | 2nd ed. |
| 260 ## - PUBLICATION, DISTRIBUTION, ETC. | |
| Place of publication, distribution, etc. | New York : |
| Name of publisher, distributor, etc. | McGraw-Hill, |
| Date of publication, distribution, etc. | c2006. |
| 300 ## - PHYSICAL DESCRIPTION | |
| Extent | xvi, 384 p. : |
| Other physical details | ill. ; |
| Dimensions | 24 cm. + |
| Accompanying material | 1 CD-ROM (4 3/4 in.) |
| 490 1# - SERIES STATEMENT | |
| Series statement | McGraw-Hill electronic engineering |
| 650 #0 - SUBJECT ADDED ENTRY--TOPICAL TERM | |
| Topical term or geographic name entry element | Verilog (Computer hardware description language) |
| 650 #0 - SUBJECT ADDED ENTRY--TOPICAL TERM | |
| Topical term or geographic name entry element | Electronic digital computers |
| General subdivision | Computer-aided design. |
| 856 42 - ELECTRONIC LOCATION AND ACCESS | |
| Materials specified | Publisher description |
| Uniform Resource Identifier | <a href="http://www.loc.gov/catdir/enhancements/fy0668/2006271457-d.html">http://www.loc.gov/catdir/enhancements/fy0668/2006271457-d.html</a> |
| 856 42 - ELECTRONIC LOCATION AND ACCESS | |
| Materials specified | Table of contents only |
| Uniform Resource Identifier | <a href="http://www.loc.gov/catdir/enhancements/fy0668/2006271457-t.html">http://www.loc.gov/catdir/enhancements/fy0668/2006271457-t.html</a> |
| 942 ## - ADDED ENTRY ELEMENTS (KOHA) | |
| Koha item type | Book |
| Call number prefix | 621.392 NAV |
| Source of classification or shelving scheme | |
| Withdrawn status | Lost status | Damaged status | Not for loan | Collection code | Permanent Location | Current Location | Shelving location | Date acquired | Source of acquisition | Cost, normal purchase price | Total Checkouts | Total Renewals | Full call number | Barcode | Date last seen | Date last checked out | Price effective from | Koha item type |
|---|---|---|---|---|---|---|---|---|---|---|---|---|---|---|---|---|---|---|
| Central Library (CL) | Central Library (CL) | General Stacks | 04/05/2006 | Allied Book Company | 5774.52 | 7 | 4 | 621.392 NAV | SEECS007225 | 06/16/2025 | 10/17/2024 | 01/05/2017 | Book | |||||
| Central Library (CL) | Central Library (CL) | General Stacks | 10/16/2009 | Star Books | 7127.65 | 5 | 5 | 621.392 NAV | SEECS009814 | 06/16/2025 | 05/17/2025 | 01/05/2017 | Book | |||||
| Central Library (CL) | Central Library (CL) | General Stacks | 04/05/2006 | Allied Book Company | 5774.52 | 3 | 6 | 621.392 NAV | SEECS007226 | 08/25/2025 | 03/15/2021 | 01/05/2017 | Book |
